| 000 | 00937nam a2200253 a 4500 | ||
|---|---|---|---|
| 001 | 000021137 | ||
| 005 | 20200930011237.0 | ||
| 008 | 100831s1946 ag 000 0 spa d | ||
| 041 | 1 | 7 |
_aspa _hita _2Código de idiomas MARC |
| 082 |
_a937 _bF386g |
||
| 100 | 1 |
_aFerrero, Guglielmo. _944196 |
|
| 240 | 1 | 0 |
_aGrandezza e decadenza di Roma. _lEspañol |
| 245 | 1 | 0 |
_aGrandeza y decadencia de Roma : _bfin de una aristocracia / _cGuglielmo Ferrero ; traducción de M. Ciges Aparicio. |
| 260 |
_aBuenos Aires : _bSiglo Veinte, _c1946. |
||
| 300 |
_av. ; _c20 cm. |
||
| 534 |
_aTítulo del original italiano : _tGrandezza e decadenza di Roma |
||
| 505 | 1 |
_gv. 2. _tJulio Cesar. _gv. 3. _tFin de una aristocracia. |
|
| 500 | _aLa biblioteca sólo posee los volumenes 2 y 3. | ||
| 651 | 4 |
_aRoma _xHistoria _910862 |
|
| 651 | 4 |
_aRoma _xHistoria Antigua _944197 |
|
| 700 | 1 |
_aCiges Aparicio, M., _etr. _944198 |
|
| 049 | _aBNGR | ||
| 999 |
_c20639 _d20639 |
||
| 040 | _aDO-SdBNP | ||